Normal view
MARC view
Entry Personal Name
001 - CONTROL NUMBER
- control field: 41997
003 - CONTROL NUMBER IDENTIFIER
- control field: ARRUPE
005 - DATE AND TIME OF LATEST TRANSACTION
- control field: 20180905083445.0
008 - FIXED-LENGTH DATA ELEMENTS
- fixed length control field: 180905|| aca||aabn | a|a d
040 ## - CATALOGING SOURCE
- Original cataloging agency: ARRUPE
- Transcribing agency: ARRUPE
100 ## - HEADING--PERSONAL NAME
- Personal name: Mwase, Isaac T. (ed.)
670 ## - SOURCE DATA FOUND
- Source citation: Work cat.: (ARRUPE)128048: Mwase, Isaac T. (ed.), Theologies of liberation and reconstruction /, 2012